Tableau final de Roland Garros 2023. - Statistiques

Statistiques générales
  • Ce quiz a été pris 599 fois
  • Le résultat moyen est 8 sur 16
Statistiques - réponses
Tennisman % Correct
Novak Djokovic
99%
Carlos Alcaraz
94%
Casper Ruud
90%
Alexander Zverev
84%
Holger Rune
80%
Stéfanos Tsitsipás
77%
Grigor Dimitrov
37%
Karen Khachanov
35%
Tomás Martín Etcheverry
32%
Francisco Cerúndolo
31%
Lorenzo Musetti
31%
Lorenzo Sonego
23%
Nicolas Jarry
20%
Yoshihito Nishioka
20%
Juan Pablo Varillas
16%
Sebastian Ofner
14%
Aucun quiz correspondant
Distribution des résultats
% des personnes avec chaque résultat
Percentile par nombre de réponses
Votre historique - résultats
Vous n’avez pas pris ce quiz